[Event "Putrajaya op 1st"]
[Site "Putrajaya"]
[Date "2019.01.20"]
[Round "6"]
[White "Aris, TLS"]
[Black "Azhar, Muhd Syakir Shazmee"]
[Result "1-0"]
[WhiteElo "2081"]
[BlackElo "2089"]
[PlyCount "120"]
[EventDate "2019.01.19"]
[EventType "swiss"]
[EventRounds "8"]
[EventCountry "MAS"]
[SourceTitle "CBM 188 Extra"]
[Source "ChessBase"]
[SourceDate "2019.02.26"]
[SourceVersion "1"]
[SourceVersionDate "2019.02.26"]
[SourceQuality "1"]

1. d4 Nf6 2. Bf4 e6 3. e3 b6 4. Nf3 Bb7 5. Nbd2 Be7 6. Be2 0-0 7. h3 c5 8. c3 d6 9. 0-0 Nc6 10. a4 Rc8 11. Qb3 d5 12. Rfd1 cxd4 13. exd4 Bd6 14. Bxd6 Qxd6 15. a5 Nd7 16. axb6 axb6 17. Bd3 e5 18. Bf5 e4 19. Nh2 Ncb8 20. Ng4 g6 21. Bxd7 Nxd7 22. Ra7 Bc6 23. Nxe4 dxe4 24. d5 Nc5 25. dxc6 Qxc6 26. Qc4 Ne6 27. Qxc6 Rxc6 28. Nf6+ Kg7 29. Nxe4 Rd8 30. Rxd8 Nxd8 31. f3 Ne6 32. Kf2 Nc5 33. Ke3 Nxe4 34. fxe4 Kf6 35. Rd7 Ke6 36. Rd8 h5 37. Kd4 Ke7 38. Rd5 Ke6 39. c4 f6 40. b4 Rc8 41. g4 hxg4 42. hxg4 Ke7 43. b5 Ra8 44. g5 fxg5 45. Rxg5 Kf6 46. Rd5 g5 47. Rd6+ Kf7 48. Rxb6 g4 49. Ke3 Ra3+ 50. Kf2 Rf3+ 51. Kg2 Ke7 52. Rc6 Kd7 53. e5 Rc3 54. c5 Rb3 55. Rd6+ Ke7 56. b6 Rb5 57. Rc6 Kd7 58. Rc7+ Ke6 59. b7 Kxe5 60. c6 Kd4 1-0

[Event "Putrajaya op 1st"]
[Site "Putrajaya"]
[Date "2019.01.19"]
[Round "3"]
[White "Azhar, Muhd Syakir Shazmee"]
[Black "Lim, Sin Leong"]
[Result "1-0"]
[WhiteElo "2089"]
[BlackElo "1529"]
[PlyCount "81"]
[EventDate "2019.01.19"]
[EventType "swiss"]
[EventRounds "8"]
[EventCountry "MAS"]
[SourceTitle "CBM 188 Extra"]
[Source "ChessBase"]
[SourceDate "2019.02.26"]
[SourceVersion "1"]
[SourceVersionDate "2019.02.26"]
[SourceQuality "1"]

1. e4 b6 2. g3 Bb7 3. Bg2 e5 4. Ne2 Nf6 5. d3 Bc5 6. 0-0 a5 7. c3 0-0 8. d4 exd4 9. cxd4 Be7 10. Nbc3 d6 11. e5 Bxg2 12. exf6 Bf3 13. fxe7 Qxe7 14. Qd3 Bb7 15. Nf4 Ba6 16. Qf3 Bxf1 17. Kxf1 Na6 18. Kg2 Rae8 19. a3 c5 20. Be3 Nc7 21. Ncd5 Nxd5 22. Nxd5 Qd8 23. b4 Re6 24. dxc5 dxc5 25. bxc5 bxc5 26. Rc1 Rfe8 27. Rxc5 Re5 28. Bd4 Re4 29. Be3 a4 30. Nc3 R4e6 31. Rd5 Qc8 32. Bd4 Qc4 33. Ne4 Rxe4 34. Qxe4 Qc6 35. Qf3 Qc4 36. Rd7 h6 37. Qd5 Qxd5+ 38. Rxd5 Re4 39. Kf3 Re1 40. Ra5 Re8 41. Kg2 1-0